<?xml version="1.0" encoding="UTF-8"?>
<record
    xmlns:xsi="http://www.w3.org/2001/XMLSchema-instance"
    xsi:schemaLocation="http://www.loc.gov/MARC21/slim http://www.loc.gov/standards/marcxml/schema/MARC21slim.xsd"
    xmlns="http://www.loc.gov/MARC21/slim">

  <leader>00934nab a2200253 uc4500</leader>
  <controlfield tag="001">560823</controlfield>
  <controlfield tag="005">20240818090533.0</controlfield>
  <controlfield tag="008">991030e19980301                    spa  </controlfield>
  <datafield tag="035" ind1=" " ind2=" ">
    <subfield code="a">560823</subfield>
  </datafield>
  <datafield tag="035" ind1=" " ind2=" ">
    <subfield code="a">(OCoLC)819817050</subfield>
  </datafield>
  <datafield tag="040" ind1=" " ind2=" ">
    <subfield code="c">comduadb</subfield>
  </datafield>
  <datafield tag="041" ind1=" " ind2=" ">
    <subfield code="a">spa</subfield>
  </datafield>
  <datafield tag="100" ind1="1" ind2="0">
    <subfield code="a">Salinas Carmona, Mario C&#xE9;sar</subfield>
    <subfield code="4">aut</subfield>
    <subfield code="e">aut</subfield>
    <subfield code="9">498959</subfield>
  </datafield>
  <datafield tag="245" ind1="1" ind2="3">
    <subfield code="a">La inmunogenicidad de antigenos de Nocardia brasiliensis en ratones BALB/c</subfield>
  </datafield>
  <datafield tag="650" ind1=" " ind2=" ">
    <subfield code="a">Actinomycetes</subfield>
    <subfield code="9">62459</subfield>
  </datafield>
  <datafield tag="650" ind1=" " ind2=" ">
    <subfield code="a">Nocardia brasiliensis</subfield>
    <subfield code="9">37090</subfield>
  </datafield>
  <datafield tag="650" ind1=" " ind2=" ">
    <subfield code="a">Antigenos</subfield>
    <subfield code="9">28364</subfield>
  </datafield>
  <datafield tag="650" ind1=" " ind2=" ">
    <subfield code="a">Inmunogen&#xE9;tica</subfield>
    <subfield code="9">18578</subfield>
  </datafield>
  <datafield tag="650" ind1=" " ind2="7">
    <subfield code="a">Anticuerpos</subfield>
    <subfield code="2">decs</subfield>
    <subfield code="9">49114</subfield>
  </datafield>
  <datafield tag="700" ind1="1" ind2="0">
    <subfield code="a">Martinez Davila, Irma Alicia</subfield>
    <subfield code="4">aut</subfield>
    <subfield code="e">aut</subfield>
    <subfield code="9">302538</subfield>
  </datafield>
  <datafield tag="700" ind1="1" ind2="0">
    <subfield code="a">Welsh, Oliverio</subfield>
    <subfield code="4">aut</subfield>
    <subfield code="e">aut</subfield>
    <subfield code="9">302539</subfield>
  </datafield>
  <datafield tag="773" ind1="0" ind2=" ">
    <subfield code="t">Ciencia UANL : Revista de Difusi&#xF3;n Cient&#xED;fica y Tecnol&#xF3;gica de la Universidad Autonoma de Nuevo Le&#xF3;n (M&#xE9;xico)</subfield>
    <subfield code="g">Vol. 01, No. 01, Ene.-Mar. 1998, p. 30-33</subfield>
    <subfield code="w">554573</subfield>
    <subfield code="0">130690</subfield>
  </datafield>
  <datafield tag="942" ind1=" " ind2=" ">
    <subfield code="c">ARIMP</subfield>
  </datafield>
  <datafield tag="999" ind1=" " ind2=" ">
    <subfield code="c">130927</subfield>
    <subfield code="d">130927</subfield>
  </datafield>
</record>
